00438 a2200145 4500001000700000003000400007005001700011008004100028082001600069100002600085245006400111260004400175300001000219653006300229068938OSt20220329145619.0  a512.7bA28D1 aAlfonsin, J.L.Ramirez1 aThe diophantine frobenius problemcby J.L. Ramirez Alfonsin aNew YorkbOxford University Pressc2005 a243p. aFrobenius algebras; Diophantine analysis; Frobenius groups